000 00713 a2200205 4500
001 61876
005 20260407155911.0
008 260407a1981 arg spa d
003 AR-UNSa-BCEJYS
040 _aAR-UNSa-BCEJYS
_bspa
_cAR-UNSa-BCEJYS
080 _a347.72.028
_xFormalidades de las sociedades mercantiles. Estatutos. Publicación de negocios. Prospectos
245 1 0 _aAspectos jurídicos y contables de las normas de la Inspección General de Justicia
264 1 _aBuenos Aires :
_bEdiciones Contabilidad Moderna
_c1981
300 _a350 p.
_c22 cm.
041 _aspa
942 _cBK
590 _aniveau_biblio:m niveau_hierar:0
100 1 _aSan Millan, Carlos
700 1 _aFowler Newton, Enrique
999 _c7466
_d7466